HIGH CIURT CRIMINAL SESSION NO.20 OF 1969 Uganda Vs 1. Francis Burnett Kisitu 2. Jack Serwagaba Kakooza (Record no. 6166)

MARC details
000 -LEADER
fixed length control field 00474nam a22001097a 4500
008 - FIXED-LENGTH DATA ELEMENTS--GENERAL INFORMATION
fixed length control field 150615b xxu||||| |||| 00| 0 eng d
010 ## - LIBRARY OF CONGRESS CONTROL NUMBER
Field link and sequence number HCCRSF:002
245 ## - TITLE STATEMENT
Title HIGH CIURT CRIMINAL SESSION NO.20 OF 1969 Uganda Vs 1. Francis Burnett Kisitu 2. Jack Serwagaba Kakooza<br/>
260 ## - PUBLICATION, DISTRIBUTION, ETC. (IMPRINT)
Place of publication, distribution, etc High Court Kampala
500 ## - GENERAL NOTE
Materials specified (Original Criminal case No. ME 551 of 1968 in the choef magistrates court of Mengo at kampala before M.M. Petelo)
500 ## - GENERAL NOTE
Materials specified BEFORE: Hon. Mr. Justice D.J. Jones.
Holdings
Withdrawn status Lost status Source of classification or shelving scheme Damaged status Koha normalized classification for sorting Not for loan Location (home branch) Sublocation or collection (holding branch) Shelving location Date acquired Koha issues (times borrowed) Koha full call number Piece designation (barcode) Koha date last seen Price effective from Koha item type
    Dewey Decimal Classification   HCCRSF_002   Archives Archives Archives 06/15/2015   HCCRSF:002 0376/2015 06/15/2015 06/15/2015 Un Reported Cases
    Dewey Decimal Classification   HCCRSF_002   Archives Archives Archives 06/15/2015   HCCRSF:002 0377/2015 06/15/2015 06/15/2015 Un Reported Cases
    Dewey Decimal Classification   HCCRSF_002   Law Development Centre Main Library Archives Archives 06/15/2015   HCCRSF:002 0378/2015 06/15/2015 06/15/2015 Un Reported Cases